Academica Dissertatio de Iure Publico, Naturae, et Gentium
Збережено в:
| Автор: | |
|---|---|
| Формат: | Книга |
| Мова: | Латинська |
| Опубліковано: |
Madrid
Ex Typographia Regia
1765
|
| Редагування: | 1a. ed |
| Предмети: | |
| Теги: |
Додати тег
Немає тегів, Будьте першим, хто поставить тег для цього запису!
|
MARC
| LEADER | 00000nam a2200000 a 4500 | ||
|---|---|---|---|
| 001 | UCJ3496 | ||
| 003 | CL-VaPUC | ||
| 008 | 070124e17650000SP |||||||||||||||||lat|d | ||
| 082 | 0 | 4 | |a 090 |b VAR |2 21 |
| 100 | 0 | |a Varón y Milian, Joaquín |e author |9 505385 | |
| 245 | 1 | 0 | |a Academica Dissertatio de Iure Publico, Naturae, et Gentium |
| 250 | |a 1a. ed | ||
| 300 | |a 55 p | ||
| 942 | |c BK | ||
| 945 | |d 20070124 00:00:00 |a rinostro | ||
| 260 | |a Madrid |b Ex Typographia Regia |c 1765 | ||
| 500 | |a Se encuentra empastado junto a otras monografías en un volumen sin rotular | ||
| 650 | 0 | |a Derecho público |9 255910 | |
| 650 | 0 | |a Derecho natural |9 255041 | |
| 650 | 7 | |a LIBRO RARO |2 CL-VaPUC |9 504169 | |
| 583 | |a last modification |c 20070124 00:00:00 |k Rodrigo Vera | ||
| 999 | |c 319618 |d 319616 | ||
| 952 | |0 0 |1 0 |4 0 |6 090_000000000000000_VAR_1765 |7 0 |8 X |9 397971 |a FDOBUD |b FDOBUD |d 2019-11-22 |i 1082000 |o 090 VAR 1765 |p 1082000 |r 2019-11-22 |w 2019-11-22 |y BK_X |k BUD | ||